LEADER 01088nam--2200373---450- 001 990001568700203316 005 20051108114411.0 035 $a000156870 035 $aUSA01000156870 035 $a(ALEPH)000156870USA01 035 $a000156870 100 $a20040415d1982----km-y0itay0103----ba 101 0 $aita 102 $aIT 105 $a||||||||001yy 200 1 $aAnziani e tempo libero$fAurelia Florea 210 $aRoma$cLa Nuova Italia Scientifica$d1982 215 $a128 p.$d18 cm 225 2 $aProgetto salute$v66 300 $aAppendice : Il tempo libero degli anziani nelle leggi regionali 410 0$12001$aProgetto salute$v66 454 1$12001 461 1$1001-------$12001 676 $a301.435 700 1$aFLOREA,$bAurelia$0120281 801 0$aIT$bsalbc$gISBD 912 $a990001568700203316 951 $aII.5. Coll.33/ 9(VI I coll. 1/66)$b3453 L.M.$cVI I 959 $aBK 969 $aUMA 979 $aSIAV1$b10$c20040415$lUSA01$h1347 979 $aCOPAT1$b90$c20051108$lUSA01$h1144 996 $aAnziani e tempo libero$9937875 997 $aUNISA LEADER 01064nam--2200361---450- 001 990006087610203316 005 20151016113557.0 010 $a978-88-7916-699-7 035 $a000608761 035 $aUSA01000608761 035 $a(ALEPH)000608761USA01 035 $a000608761 100 $a20151016d2015----km-y0itay50------ba 101 0 $aita 102 $aIT 105 $ay|||||||001yy 200 1 $aIosif Brodskij$esaggi di letture intertestuali$fMichele Russo 210 $aMilano$cLED$d2015 215 $a172 p.$d22 cm 225 2 $a<> segno e le lettere$iSaggi$v13 410 0$12001$a<> segno e le lettere$iSaggi$v13 600 1$aBrodskij,$bIosif$2BNCF 676 $a891.7144 700 1$aRUSSO,$bMichele$f<1976- >$0714893 801 0$aIT$bsalbc$gISBD 912 $a990006087610203316 951 $aVIII.1.B. 297$b10785 L.G.$cVIII.1.$d379297 959 $aBK 969 $aUMA 979 $aANNAMARIA$b90$c20151016$lUSA01$h1134 979 $aANNAMARIA$b90$c20151016$lUSA01$h1135 996 $aIosif Brodskij$91382648 997 $aUNISA